[Event "RUS-ch Higher League (Women) 73rd"]
[Site "Novokuznetsk"]
[Date "2023.06.28"]
[Round "3"]
[White "Kovanova, Baira"]
[Black "Lesnykh, Zhanna"]
[Result "1-0"]
[WhiteElo "2296"]
[BlackElo "2019"]
[PlyCount "81"]
[EventDate "2023.06.26"]
[EventType "swiss"]
[EventRounds "9"]
[EventCountry "RUS"]
[SourceTitle "EXT 2024"]
[Source "ChessBase"]
[SourceDate "2023.10.10"]
[SourceVersion "1"]
[SourceVersionDate "2023.10.10"]
[SourceQuality "1"]

1. d4 Nf6 2. c4 e6 3. Nc3 Bb4 4. e3 0-0 5. Nge2 b6 6. a3 Bxc3+ 7. Nxc3 Bb7 8. Qc2 d5 9. cxd5 exd5 10. Bd3 Re8 11. 0-0 c5 12. Ne2 c4 13. Bf5 g6 14. Bh3 Ne4 15. Nf4 Nc6 16. f3 Ng5 17. Bd2 Nxh3+ 18. Nxh3 b5 19. Rad1 a5 20. Bc1 f5 21. Rfe1 b4 22. e4 fxe4 23. fxe4 Qh4 24. Nf2 Rac8 25. Be3 c3 26. bxc3 Ne7 27. axb4 axb4 28. Qb3 Rxc3 29. Qxb4 Rc7 30. Qd2 Qf6 31. Ng4 Qc6 32. Rc1 Qb6 33. Rxc7 Qxc7 34. Nf6+ Kf7 35. Qf2 Qd6 36. e5 Qd8 37. Nxe8+ Kxe8 38. e6 Qd6 39. Qf7+ Kd8 40. Qf8+ Kc7 41. Bf4 1-0

[Event "Voronezh Petrovsky op"]
[Site "Voronezh"]
[Date "2022.06.15"]
[Round "7"]
[White "Afonasieva, Anna"]
[Black "Lesnykh, Zhanna"]
[Result "1-0"]
[WhiteElo "2232"]
[BlackElo "1913"]
[PlyCount "77"]
[EventDate "2022.06.10"]
[EventType "swiss"]
[EventRounds "9"]
[EventCountry "RUS"]
[SourceTitle "EXT 2023"]
[Source "ChessBase"]
[SourceDate "2022.10.05"]
[SourceVersion "1"]
[SourceVersionDate "2022.10.05"]
[SourceQuality "1"]

1. d4 Nf6 2. Bf4 d5 3. e3 Bf5 4. c4 c6 5. Nc3 e6 6. Qb3 b6 7. Nf3 Bd6 8. Ne5 Nh5 9. g4 Bxe5 10. Bxe5 Bxg4 11. Rg1 Bf3 12. Qa3 f6 13. Bd6 g6 14. Rc1 Ng7 15. cxd5 exd5 16. Nb5 cxb5 17. Rc7 Nd7 18. Bxb5 Rc8 19. Rxd7 Qxd7 20. Bxd7+ Kxd7 21. Qxa7+ Kxd6 22. Qxg7 Ke6 23. Kd2 Be4 24. Rc1 Rxc1 25. Kxc1 Rc8+ 26. Kd1 Rc2 27. Qg8+ Kd6 28. f3 Bd3 29. Qd8+ Ke6 30. Qxb6+ Ke7 31. a4 Rf2 32. a5 Bc4 33. a6 Rf1+ 34. Kd2 Rf2+ 35. Kc3 Rxf3 36. a7 Rxe3+ 37. Kd2 Rd3+ 38. Kc2 f5 39. a8Q 1-0

[Event "RUS-chT Rapid (Women)"]
[Site "Sochi"]
[Date "2021.10.16"]
[Round "7.1"]
[White "Kovanova, Baira"]
[Black "Lesnykh, Zhanna"]
[Result "1-0"]
[WhiteElo "2331"]
[BlackElo "1858"]
[PlyCount "55"]
[EventDate "2021.10.15"]
[EventType "team-swiss (rapid)"]
[EventRounds "9"]
[EventCountry "RUS"]
[SourceTitle "CBM 204 Extra"]
[Source "ChessBase"]
[SourceDate "2021.11.30"]
[SourceVersion "1"]
[SourceVersionDate "2021.11.30"]
[SourceQuality "1"]
[WhiteTeam "Cheliabinsk Yuzhnyy Ural (W)"]
[BlackTeam "Voronezh (W)"]
[WhiteTeamCountry "RUS"]
[BlackTeamCountry "RUS"]

1. e4 c5 2. Nf3 a6 3. d3 e6 4. g3 b5 5. Bg2 Bb7 6. 0-0 Nf6 7. Re1 Be7 8. Nbd2 0-0 9. e5 Ne8 10. Ne4 d5 11. exd6 Bxd6 12. d4 cxd4 13. Nxd4 Bxe4 14. Bxe4 Ra7 15. Be3 Rd7 16. Nc6 Nxc6 17. Bxc6 Rc7 18. Bb6 Qe7 19. Bxc7 Nxc7 20. Qe2 Qf6 21. c3 Bc5 22. Rad1 Rd8 23. Rxd8+ Qxd8 24. Rd1 Qc8 25. Qd3 h6 26. Qd8+ Qxd8 27. Rxd8+ Kh7 28. Rd7 1-0

[Event "RUS-chT Blitz (Women)"]
[Site "Sochi"]
[Date "2021.10.14"]
[Round "9.2"]
[White "Lesnykh, Zhanna"]
[Black "Zavivaeva, Emilia"]
[Result "1-0"]
[WhiteElo "1858"]
[BlackElo "1650"]
[PlyCount "132"]
[EventDate "2021.10.14"]
[EventType "team-tourn (blitz)"]
[EventRounds "11"]
[EventCountry "RUS"]
[SourceTitle "CBM 204 Extra"]
[Source "ChessBase"]
[SourceDate "2021.11.30"]
[SourceVersion "1"]
[SourceVersionDate "2021.11.30"]
[SourceQuality "1"]
[WhiteTeam "Voronezh (W)"]
[BlackTeam "Nizhegorodsk Region (W)"]
[WhiteTeamCountry "RUS"]
[BlackTeamCountry "RUS"]

1. e4 c5 2. Nf3 Nc6 3. Bb5 g6 4. 0-0 Bg7 5. c3 e5 6. d4 cxd4 7. cxd4 Nxd4 8. Nxd4 exd4 9. Bf4 Ne7 10. Na3 0-0 11. Bd6 Re8 12. Rc1 Nc6 13. Bd3 Qf6 14. Nc4 b5 15. e5 Qe6 16. Na3 a6 17. Re1 Bb7 18. Nb1 f6 19. Bc2 Kh8 20. Bb3 Qf5 21. exf6 Qxf6 22. Bg3 Bh6 23. Rc2 Nb4 24. Rce2 Rxe2 25. Rxe2 d3 26. Be5 dxe2 27. Bxf6+ Bg7 28. Bxg7+ Kxg7 29. Qxe2 Rf8 30. Qe5+ Kh6 31. h3 Rc8 32. Qe3+ Kg7 33. Nc3 Nc6 34. Nd5 Na5 35. Qe7+ Kh6 36. g4 Nc4 37. g5+ Kh5 38. Qxh7+ Kxg5 39. Qe7+ Kh6 40. h4 Bxd5 41. Qg5+ Kg7 42. Qxd5 Rc7 43. Bxc4 Rxc4 44. Qxd7+ Kh6 45. Qd2+ Kg7 46. Qg5 Kh7 47. Kg2 Rc2 48. Qe7+ Kh6 49. Qe3+ Kh7 50. Qb3 Rc4 51. Kg3 Kh6 52. Qe3+ Kh7 53. b3 Rc6 54. Qe7+ Kh6 55. Qb7 Rf6 56. a4 bxa4 57. bxa4 Re6 58. Qd7 Rf6 59. Qd4 Kg7 60. Kg4 Kf7 61. Qd7+ Kg8 62. f4 Rf7 63. Qe8+ Kg7 64. Qe5+ Kh7 65. Qe6 Kg7 66. Qxa6 Rf5 1-0

[Event "RUS-chT (Women)"]
[Site "Sochi"]
[Date "2020.11.27"]
[Round "8.4"]
[White "Kovanova, Baira"]
[Black "Lesnykh, Zhanna"]
[Result "1-0"]
[WhiteElo "2323"]
[BlackElo "1755"]
[PlyCount "71"]
[EventDate "2020.11.19"]
[EventType "team-swiss"]
[EventRounds "9"]
[EventCountry "RUS"]
[SourceTitle "CBM 199 Extra"]
[Source "ChessBase"]
[SourceDate "2021.01.31"]
[SourceVersion "1"]
[SourceVersionDate "2021.01.31"]
[SourceQuality "1"]
[WhiteTeam "Yugra (W)"]
[BlackTeam "Voronezh Turbonasos (W)"]
[WhiteTeamCountry "RUS"]
[BlackTeamCountry "RUS"]

1. d4 f5 2. c4 Nf6 3. Nc3 g6 4. Nf3 Bg7 5. g3 0-0 6. Bg2 d6 7. 0-0 Nc6 8. d5 Na5 9. Qd3 c5 10. b3 a6 11. Rb1 b6 12. Bg5 Rb8 13. Rfe1 Bd7 14. e4 fxe4 15. Nxe4 b5 16. Nh4 Be8 17. Bd2 Ng4 18. Nf3 Bd7 19. h3 Nh6 20. Bc3 Nf5 21. Neg5 Bxc3 22. Qxc3 Ng7 23. cxb5 axb5 24. Qe3 Bf5 25. Rbd1 Rb7 26. g4 Bc8 27. Ne6 Bxe6 28. dxe6 Rb8 29. Qh6 Ne8 30. Ng5 Nf6 31. Nxh7 Nxh7 32. Qxg6+ Kh8 33. Be4 Nf6 34. Rd5 Rf7 35. exf7 e5 36. Qh6+ 1-0

[Event "RUS-chT (Women)"]
[Site "Sochi"]
[Date "2020.11.25"]
[Round "6.4"]
[White "Lesnykh, Zhanna"]
[Black "Styazhkina, Anna"]
[Result "1/2-1/2"]
[WhiteElo "1755"]
[BlackElo "2319"]
[PlyCount "108"]
[EventDate "2020.11.19"]
[EventType "team-swiss"]
[EventRounds "9"]
[EventCountry "RUS"]
[SourceTitle "CBM 199 Extra"]
[Source "ChessBase"]
[SourceDate "2021.01.31"]
[SourceVersion "1"]
[SourceVersionDate "2021.01.31"]
[SourceQuality "1"]
[WhiteTeam "Voronezh Turbonasos (W)"]
[BlackTeam "St Petersburg SHSH (W)"]
[WhiteTeamCountry "RUS"]
[BlackTeamCountry "RUS"]

1. e4 e5 2. Nf3 Nc6 3. Bb5 a6 4. Ba4 Nf6 5. 0-0 Bc5 6. c3 b5 7. Bb3 d6 8. d4 Bb6 9. h3 h6 10. dxe5 dxe5 11. Qxd8+ Nxd8 12. Nxe5 Bb7 13. a4 0-0 14. axb5 axb5 15. Rxa8 Bxa8 16. Na3 Re8 17. Bf4 g5 18. Bh2 Nxe4 19. Nd7 Ba5 20. Re1 Bc6 21. Rxe4 Bxd7 22. Rxe8+ Bxe8 23. Be5 c5 24. Bd5 c4 25. Kf1 Ne6 26. Bxe6 fxe6 27. Nc2 Kf7 28. Ke2 Ke7 29. Bg7 h5 30. Be5 Bb6 31. Nd4 Bc5 32. g4 hxg4 33. hxg4 b4 34. cxb4 Bxb4 35. Nf3 Bb5 36. Ke3 Bc5+ 37. Bd4 Bd6 38. Nxg5 e5 39. Bc3 Bc5+ 40. Ke2 Bd4 41. Nf3 Kf6 42. Nxd4 exd4 43. Bxd4+ Kg5 44. Kf3 Bd7 45. Be3+ Kh4 46. g5 Kh5 47. Ke4 Bh3 48. f4 Kg6 49. Kd4 Bf1 50. Ke5 Bh3 51. Kd5 Bf1 52. Ke4 Bg2+ 53. Ke5 Bh3 54. Kd4 Bf1 1/2-1/2

[Event "RUS Cup U13 Girls final"]
[Site "Bryansk"]
[Date "2019.01.09"]
[Round "6"]
[White "Lesnykh, Zhanna"]
[Black "Alekseenko, Mariya"]
[Result "0-1"]
[WhiteElo "1655"]
[BlackElo "1797"]
[PlyCount "120"]
[EventDate "2019.01.04"]
[EventType "tourn"]
[EventRounds "7"]
[EventCountry "RUS"]
[SourceTitle "CBM 189 Extra"]
[Source "ChessBase"]
[SourceDate "2019.06.03"]
[SourceVersion "1"]
[SourceVersionDate "2019.06.03"]
[SourceQuality "1"]

1. f4 d5 2. Nf3 g6 3. g3 Bg7 4. Bg2 Nf6 5. 0-0 c5 6. d3 0-0 7. Nc3 d4 8. Na4 Qa5 9. c4 Bd7 10. b3 Bc6 11. Bd2 Qc7 12. Nb2 Nbd7 13. h3 e5 14. fxe5 Nxe5 15. Bf4 Nh5 16. Qd2 Nxf4 17. gxf4 Nxf3+ 18. Bxf3 Rfe8 19. Rae1 Re7 20. b4 Bd7 21. Bg2 Rae8 22. Nd1 Bf6 23. Nf2 Bh4 24. Ne4 b6 25. f5 Bxf5 26. Rxf5 Rxe4 27. dxe4 Bxe1 28. Qg5 Bxb4 29. h4 Qe7 30. Qg4 Qe6 31. h5 Kf8 32. hxg6 hxg6 33. Rf4 Qxg4 34. Rxg4 Re5 35. Kf2 Bd2 36. Rg3 b5 37. cxb5 c4 38. e3 Bxe3+ 39. Rxe3 dxe3+ 40. Kxe3 Rxb5 41. Bf1 Re5 42. Kd4 f6 43. Bxc4 Ke7 44. Bb3 Kd6 45. Bc2 Ra5 46. Bb3 g5 47. Ke3 Ke5 48. a4 Rc5 49. Bf7 Rc3+ 50. Kd2 Ra3 51. Bg6 Rxa4 52. Ke3 Ra3+ 53. Ke2 a5 54. Kf2 g4 55. Bf5 Kf4 56. Kg2 Ra2+ 57. Kg1 g3 58. Kf1 g2+ 59. Kg1 Kg3 60. Bh3 Ra1# 0-1

[Event "Voronezh Region-ch (Women)"]
[Site "Voronezh"]
[Date "2018.11.23"]
[Round "1"]
[White "Skuridina, Ekaterina1111"]
[Black "Lesnykh, Zhanna"]
[Result "0-1"]
[WhiteElo "1208"]
[BlackElo "1719"]
[PlyCount "80"]
[EventDate "2018.11.23"]
[EventType "swiss"]
[EventRounds "9"]
[EventCountry "RUS"]
[SourceTitle "EXT 2020"]
[Source "ChessBase"]
[SourceDate "2019.10.17"]
[SourceVersion "1"]
[SourceVersionDate "2019.10.17"]
[SourceQuality "1"]

1. e4 e5 2. Nf3 d6 3. Bc4 Be7 4. d3 Nf6 5. Nc3 0-0 6. 0-0 Nc6 7. Bg5 Bg4 8. h3 Bh5 9. Qe2 Nd4 10. Qd1 Qd7 11. Kh2 Bxf3 12. gxf3 Nh5 13. Be3 b5 14. Bd5 c6 15. Bb3 a5 16. a3 Nxb3 17. cxb3 f5 18. exf5 Qxf5 19. Rg1 Qxf3 20. Qxf3 Rxf3 21. Rad1 d5 22. Ne2 d4 23. Kg2 Raf8 24. Nxd4 exd4 25. Bxd4 Bh4 26. Rd2 Bg5 27. Rdd1 h6 28. Bc5 R8f7 29. Bb6 Rxd3 30. Rxd3 Nf4+ 31. Kh2 Nxd3 32. Bd4 c5 33. Bc3 Rxf2+ 34. Kg3 b4 35. Rd1 Bf4+ 36. Kg4 bxc3 37. Rxd3 cxb2 38. Rd1 Bc1 39. Rd8+ Rf8 40. Rd3 b1Q 0-1

[Event "Voronezh op-B 22nd"]
[Site "Voronezh"]
[Date "2018.06.12"]
[Round "1"]
[White "Lesnykh, Zhanna"]
[Black "Shoshin, Kirill"]
[Result "0-1"]
[WhiteElo "1616"]
[BlackElo "1938"]
[PlyCount "94"]
[EventDate "2018.06.12"]
[EventType "swiss"]
[EventRounds "9"]
[EventCountry "RUS"]
[SourceTitle "CBM 185 Extra"]
[Source "ChessBase"]
[SourceDate "2018.07.29"]
[SourceVersion "1"]
[SourceVersionDate "2018.07.29"]
[SourceQuality "1"]

1. f4 d5 2. Nf3 c5 3. g3 Nc6 4. Bg2 Nf6 5. 0-0 b5 6. d3 Bb7 7. h3 e6 8. a4 b4 9. Nbd2 Be7 10. e4 dxe4 11. dxe4 Qc7 12. e5 Nd5 13. Ne4 0-0-0 14. Qe2 Qb6 15. Qb5 Ba6 16. Qxb6 axb6 17. Rd1 Kc7 18. Bf1 Bxf1 19. Kxf1 f6 20. exf6 Bxf6 21. Nfg5 Bxg5 22. Nxg5 Rhe8 23. Nxh7 Nd4 24. Kf2 Nxc2 25. Rb1 b3 26. Ng5 Rd7 27. Bd2 c4 28. Nf3 Kb7 29. Bc3 Ra8 30. Ng5 Re7 31. Be5 Rxa4 32. f5 Nde3 33. fxe6 Nxd1+ 34. Rxd1 Ra5 35. Bd6 Rf5+ 36. Kg1 Re8 37. Nf7 Rf6 38. Bf4 Rfxe6 39. Nd6+ Rxd6 40. Rxd6 c3 41. bxc3 b2 42. Rd7+ Ka6 43. Rd1 Re1+ 44. Rxe1 Nxe1 45. Kf2 Nd3+ 46. Kf3 Nxf4 47. Kxf4 b1Q 0-1